00342nam a22001337a 450000500170000000800410001702000180005804100080007608200100008410000420009424500280013626000340016430000100019820250408141432.0250408b |||||||| |||| 00| 0 eng d a9789355012098 aEng a540.1 aArchana R Chaudhari , Aditi S Pandey  aEnergy and Environment  aNew DelhibS Chand & company  a173 P